000 04163cam a22012854i 4500
003 PE-LiUPU
005 20250813185602.0
008 150706s r 000 0 d
020 _a9786124011412
035 _a(Sirsi) i9786124011412
040 _aPE-LiUPU
_bspa
_cPE-LiUPU
_erda
049 _aPRUA
082 0 4 _a371.106
_bA82
_221
100 1 _aApaza Rondón, Katiuzka Jacovina,
_eautor.
245 1 3 _aLa derrama magisterial y sus problemas de agencia /
_cKatiuzka Jocovina Apaza Rondón.
264 1 _aLima :
_bAsamblea Nacional de Rectores,
_c2010.
300 _a174 páginas :
_bilustraciones ;
_c24 centímetros
336 _atext
_2rdacontent
337 _aunmediated
_2rdamedia
338 _avolume
_2rdacarrier
505 0 _aMarco teórico -- Derrama magisterial -- ¿Problemas de agencias en la derrama magisterial? -- ¿Funciona el gobierno corporativo en la derrama magisterial? -- ¿Puede mejorar el gobierno corporativo en la derrama magisterial?.
526 _aP202
526 _aP201
526 _aP163
526 _aP162
526 _aP161
526 _aP160
526 _aP148
526 _aP147
526 _aP146
526 _aP145
526 _aP144
526 _aP143
526 _aP142
526 _aP141
526 _aP140
526 _aP139
526 _aP138
526 _aP137
526 _aP136
526 _aP135
526 _aP134
526 _aP133
526 _aP129
526 _aP128
526 _aP127
526 _aP120
526 _aP119
526 _aP118
526 _aP116
526 _aP115
526 _aP114
526 _aP110
526 _aP109
526 _aP108
526 _aP104
526 _aP103
526 _aP102
526 _aP99
526 _aP98
526 _aP97
526 _aP96
526 _aP95
526 _aP93
526 _aP90
526 _aP89
526 _aP88
526 _aP83
526 _aP82
526 _aP62
526 _aP59
526 _aP58
526 _aP57
526 _aP51
526 _aP49
526 _aP48
526 _aP47
526 _aP29
526 _aP24
526 _aP20
526 _aP19
526 _aP17
526 _aP15
526 _aP14
526 _aP12
526 _aP10
526 _aP09
526 _aP08
526 _aP07
526 _aP06
526 _aP05
526 _aP04
526 _aP01
650 0 4 _aDerrama Magisterial (Perú).
910 _bjv
_cng
_d20110411
942 _2ddc
_cBOOK
949 _a371.106 A64 2010
_wDEWEY
_c1
_iFJ04879
_lCCODEBUJ1
_mBUJ
_p14.00
_r0
_sY
_tBOOK
_u2015-10-6
_xEDUCACION
_PP20
_0COMPRA
_o.STAFF. Colección General
949 _a371.106 A64 2010
_wDEWEY
_c2
_iFJ04880
_lCCODEBUJ1
_mBUJ
_p14.00
_r0
_sY
_tBOOK
_u2015-10-14
_xEDUCACION
_PP20
_0COMPRA
_o.STAFF. Colección General
949 _a371.106 A64 2010
_wDEWEY
_c3
_i1007613
_lCCODEBUJ1
_mBUJ
_r0
_sY
_tBOOK
_u2016-12-13
949 _a371.106 A82
_wDEWEY
_c1
_i62780
_lCCODEBUL1
_mBUL
_p14.00
_r0
_sY
_tBOOK
_u2015-7-6
_xEDUCACION
_zUNKNOWN
_0COMPRA
_o.STAFF. Colección General
949 _a371.106 A82
_wDEWEY
_c2
_i62779
_lCCODEBUL1
_mBUL
_p14.00
_r0
_sY
_tBOOK
_u2015-7-6
_xEDUCACION
_zUNKNOWN
_0COMPRA
_o.STAFF. Colección General
994 _aC0
_bPEPRU
596 _a1 3
999 _a371.106 A82
_wDEWEY
_c51829
_i62780
_f2021-11-8
_g5
_lCCODEBUL1
_mBUL
_p14.00
_r0
_sY
_tBOOK
_u2015-7-6
_xEDUCACION
_zUNKNOWN
_0COMPRA
_o.STAFF. Colección General
_d51829
999 _a371.106 A82
_wDEWEY
_c2
_i62779
_f2021-11-8
_g5
_lCCODEBUL1
_mBUL
_p14.00
_r0
_sY
_tBOOK
_u2015-7-6
_xEDUCACION
_zUNKNOWN
_0COMPRA
_o.STAFF. Colección General
999 _a371.106 A64 2010
_wDEWEY
_c1
_iFJ04879
_f2022-1-18
_g3
_lCCODEBUJ1
_mBUJ
_p14.00
_r0
_sY
_tBOOK
_u2015-10-6
_xEDUCACION
_PP20
_0COMPRA
_o.STAFF. Colección General
999 _a371.106 A64 2010
_wDEWEY
_c2
_iFJ04880
_f2022-1-18
_g3
_lCCODEBUJ1
_mBUJ
_p14.00
_r0
_sY
_tBOOK
_u2015-10-14
_xEDUCACION
_PP20
_0COMPRA
_o.STAFF. Colección General
980 _81
_gALBERTO SANCHEZ Responsable de Automatización